Náklady obchodných podnikov – aplikácia na ŠKODA AUTO, a. s.

Príspevok na základe teoretických poznatkov z oblasti nákladov, skúma kľúčové nákladové položky, porovnáva ich a navrhuje opatrenia úspory nákladov vo firme ŠKODA AUTO, a. s. Definícia jednotlivých strategických cieľov firmy. Obchodný vývoj, peňažné toky, majetková a kapitálová štruktúra, výnosy a n...

Descrizione completa

Salvato in:
Dettagli Bibliografici
Autore principale: Lipianska, Júlia
Altri autori: Pavolková, Natália
Natura: Capitolo di libro
Lingua:slovacco
Soggetti:
Tags: Aggiungi Tag
Nessun Tag, puoi essere il primo ad aggiungerne!!

MARC

LEADER 00000nla a2200000 4500
001 0207351
005 20240502073439.8
041 0 |a slo 
044 |a SK 
245 1 0 |a Náklady obchodných podnikov – aplikácia na ŠKODA AUTO, a. s.  |c Júlia Lipianska, Natália Pavolková 
520 |a Príspevok na základe teoretických poznatkov z oblasti nákladov, skúma kľúčové nákladové položky, porovnáva ich a navrhuje opatrenia úspory nákladov vo firme ŠKODA AUTO, a. s. Definícia jednotlivých strategických cieľov firmy. Obchodný vývoj, peňažné toky, majetková a kapitálová štruktúra, výnosy a náklady spoločnosti. 
610 2 0 |a priemysel automobilový 
610 2 0 |a podnik obchodný 
610 2 0 |a náklady 
610 2 0 |a výnosy podnikové 
610 2 0 |a úspory finančné 
100 1 |a Lipianska, Júlia 
700 1 |a Pavolková, Natália